Score 0/50 Timer 07:00
0 Plays Today
% Correct
Mali
93.5%
Mali
93.5%
Morocco
91.8%
Morocco
91.6%
Egypt
88.9%
Madagascar
85%
Afghanistan
84%
Algeria
83.6%
Pakistan
82.7%
Kazakhstan (Nur-Sultan)
82.2%
Sudan
82.2%
Uzbekistan
82.2%
Libya
82.1%
Kazakhstan
82.1%
Turkmenistan
81.5%
Mozambique
81.4%
Libya
81.4%
Mauritius
80.4%
Chad (N'Djamena)
79.2%
Niger (Niamey)
79%
Malawi
78.9%
Chad
78.7%
Tajikistan
78.4%
Kyrgyzstan
77.6%
Guinea
72.3%
% Correct
Somalia
72%
The Gambia
71.3%
Tanzania
70.5%
Tunisia
69.9%
Eritrea
67.2%
Mongolia
67.1%
Guinea-Bissau
66.1%
Canada
65.6%
Kenya (Nairobi)
64.5%
Australia
62%
Djibouti
61.9%
Bhutan
51.9%
Comoros
44.7%
Namibia
42.9%
Denmark
39.4%
Iceland
35.8%
India (New Delhi)
35.6%
Botswana
33.8%
Cyprus (Nicosia)
30.7%
Myanmar (Naypyidaw)
25.1%
Tonga (Nuku'alofa)
25%
Bahamas (Nassau)
24.6%
Palau (Ngerulmud)
23.9%
Guyana
16.4%
Suriname
16.1%
Remove Ads.
Support Sporcle.
Get the best of Sporcle when you Go Orange. This ad-free experience offers more features, more stats, and more fun while also helping to support Sporcle. Thank you for becoming a member.

You're not logged in!

Compare scores with friends on all Sporcle quizzes.
OR
Log In

Sporcle TV

Today on Sporcle TV


Watch our educational content, quiz creation guides, and fun videos on Sporcle TV.

Show Comments

Extras

Top Quizzes Today


Score Distribution

Paid Content

Your Account Isn't Verified!

In order to create a playlist on Sporcle, you need to verify the email address you used during registration. Go to your Sporcle Settings to finish the process.

Report this User

Report this user for behavior that violates our Community Guidelines.

Details: